000 00527nam a2200181Ia 4500
003 IN-BaIIA
008 211028s9999 xx 000 0 eng d
020 _a0-7503-0211-9
040 _cIIA Library
080 _a50(082)
_bWEB
100 _aWeber, Robert L
_921008
245 0 _aScience with a smile
_ban anthology
_cRobert L Weber
260 _aBristol
_bInstitute of Physics
_c1992
300 _axii, 452p.
650 _aAnthology
_93655
650 _aScience
_91299
942 _cBK
999 _c12068
_d12068